Statistics for City by Phonetic Spelling #2

Click here to take the quiz!

General Stats

  • This quiz has been taken 339 times
    (337 since last reset)
  • The average score is 15 of 20

Answer Stats

Phonetic SpellingEnglish Spelling% Correct
mɛmfɪsMemphis
99%
ˈbuːdəpɛʃtBudapest
94%
sɪŋəpɔrSingapore
94%
ˈkoʊpənˌheɪɡənCopenhagen
93%
dʒəˈruːsələmJerusalem
92%
ˌsaʊ ˈpaʊloʊSão Paulo
92%
ˈɛdɪnbərəEdinburgh
88%
ˌfɪləˈdɛlfiəPhiladelphia
88%
ˈædəleɪdAdelaide
83%
ˌmʌntriːˈɒlMontreal
80%
ˈkrækɒvKraków
79%
həʊ t͡ʃi ˈmɪŋ ˈsɪtiHo Chi Minh City
75%
məˈkaʊMacau
74%
liːˈɒnLyon
71%
ælbəkɜrkiAlbuquerque
68%
wɔːsɔWarsaw
68%
kəˈrɑːˌtʃiKarachi
60%
kəˈloʊnCologne
42%
ˌθɛsəlɵˈnaɪkə/Thessaloniki
39%
ˈtʃɔŋˈtʃɪŋChongqing
31%

Score Distribution

Percentile by Number Answered

Percent of People with Each Score

Your Score History

You have not taken this quiz since the last reset